000
00462nam a2200181Ia 4500
008
151202s9999||||xx |||||||||||||| ||und||
082
_b
PNVM-13000
100
_a
गोखले अरविंद.
245
_a
कथाई.
260
_b
---
260
_c
0
300
_a
0
600
_a
गोखले अरविंद.
630
_a
कथाई.
700
_a
गोखले अरविंद.
730
_a
कथाई.
942
_c
BOOK
999
_c
1278987
_d
1278984